000 00282nam a22001217a 4500
041 _aENG
100 _aChakraverty.S
245 _aLaboratory Experiments On Electronic Circuits
260 _aDelhi
_bStandard Pub
_c1997
300 _a207
650 _aEOES
856 _uEOES ( 14 )
999 _c1109
_d1109